Chemistry : the easy way / (Record no. 615428)

000 -LEADER
fixed length control field 00431nam a22001457a 4500
020 ## - INTERNATIONAL STANDARD BOOK NUMBER
Qualifying information PB.
040 ## - CATALOGING SOURCE
Transcribing agency FIZZA ISHAQ
082 ## - DEWEY DECIMAL CLASSIFICATION NUMBER
Classification number 540.76
Author Mark JOS
100 ## - MAIN ENTRY--PERSONAL NAME
Personal name Mascetta, Joseph A.
9 (RLIN) 99904
245 ## - TITLE STATEMENT
Title Chemistry : the easy way /
Statement of responsibility, etc. Joseph A , Mascetta.
250 ## - EDITION STATEMENT
Edition statement illustrated.
260 ## - PUBLICATION, DISTRIBUTION, ETC.
Place of publication, distribution, etc. NEW YORK
Name of publisher, distributor, etc. Barrons Educational Series, INC
Date of publication, distribution, etc. 1983.
300 ## - PHYSICAL DESCRIPTION
Extent Includes index 350 P. ;
Dimensions 27.3 X 19.7 X 1.4 X 1.4 cm
942 ## - ADDED ENTRY ELEMENTS (KOHA)
Source of classification or shelving scheme
Koha item type Book
Holdings
Withdrawn status Lost status Source of classification or shelving scheme Damaged status Not for loan Permanent Location Current Location Shelving location Date acquired Total Checkouts Full call number Barcode Date last seen Price effective from Koha item type
          NUST Baluchistan Campus (NBC) NUST Baluchistan Campus (NBC) General Stacks 12/01/2025   540.76 JOS QD-282 12/01/2025 12/01/2025 Book
© 2023 Central Library, National University of Sciences and Technology. All Rights Reserved.